[Event "Ernst Rasmussen BDG tournament"]
[Site "Port Townsend"]
[Date "2010.10.23"]
[Round "4"]
[White "Anderson, Jack W"]
[Black "Miller, Aric"]
[Result "0-1"]
[WhiteElo "1718"]
[BlackElo "1744"]
[PlyCount "72"]
[EventDate "2010.10.23"]
[EventType "swiss (rapid)"]
[EventRounds "4"]
[EventCountry "USA"]
[SourceTitle "EXT 2017"]
[Source "ChessBase"]
[SourceDate "2016.10.25"]
[SourceVersion "1"]
[SourceVersionDate "2016.10.25"]
[SourceQuality "1"]

1. d4 d5 2. e4 dxe4 3. Nc3 Nf6 4. f3 exf3 5. Nxf3 e6 6. Bg5 Be7 7. Bd3 Nc6 8. Ne2 h6 9. Bf4 0-0 10. Qd2 Re8 11. c3 Bf8 12. 0-0-0 a6 13. h4 b5 14. Rhg1 Ng4 15. Be4 Bb7 16. Ng3 Na5 17. Bxb7 Nxb7 18. Qe2 Qd5 19. Kb1 c5 20. Rge1 c4 21. Ne5 Nxe5 22. dxe5 Qc6 23. Qg4 Kh8 24. Ne4 Red8 25. Rxd8 Rxd8 26. Qh5 g6 27. Qg4 h5 28. Qg3 Qd5 29. Qg5 Qd3+ 30. Kc1 Rd7 31. Ng3 Rd8 32. Ne4 Na5 33. Nc5 Bxc5 34. Qf6+ Kg8 35. Bh6 Bf8 36. Bxf8 Qd2+ 0-1